00664cam a2200169u 4500082002700000100005100027245003000078260010000108300002600208526003700234650002900271650001300300650005400313942001200367999001900379952009600398 a621.56bPITcL-8, P-162 aYate Pitts, Geofrey. [from old catalog]94188310aRefrigeration insulation. aLondon,bPublished on behalf of the Institute of Refrigeration by Modern Refrigerationc[1951?] a47 p.billus.c22 cm. a0b0c0d621_560000000000000_PIT 0aInsulation (Heat)941884 0aMCE9379 0aRefrigeration and refrigerating machinery.919031 2ddccBK c545903d545903 00102ddc4070aMCEbMCEd2014-05-29l0o621.56 PITpMCE-40995r2014-05-29w2014-05-29yBK